000 00256nam a2200109Ia 4500
008 190911s9999||||xx |||||||||||||| ||und||
100 _aGroth,David
245 0 _aA+Core Module Study Guide
260 _aNew Delhi
_bPearson
_c1998
300 _a815
942 _cBK
999 _c6775
_d6775